| 000 | 00358nam a2200133Ia 4500 | ||
|---|---|---|---|
| 008 | 240624s9999 xx 000 0 und d | ||
| 041 | _aeng | ||
| 082 | _a658.575 VOG | ||
| 100 | _aVOGEL CRAIG M | ||
| 245 | _aDESIGN OF THINGS TO COME HOW ORDINARY PE | ||
| 260 |
_c2005 _aNew Delhi _bPearson Education |
||
| 300 | _axxx, : 237 : p. : cm. ; 22 | ||
| 365 |
_cRS _b33 |
||
| 999 |
_c4222 _d4222 |
||